|
|
|
|
| LEADER |
02524nam a2200613 a 4500 |
| 001 |
nkc20112218958 |
| 003 |
CZ PrNK |
| 005 |
20180227110859.0 |
| 007 |
ta |
| 008 |
110728s2011 xr abcff 001 0 cze |
| 015 |
|
|
|a cnb002218958
|
| 020 |
|
|
|a 978-80-86829-62-3
|q (Bohumír Němec - Veduta ;
|q váz.)
|
| 035 |
|
|
|a (OCoLC)761169015
|
| 040 |
|
|
|a OLA001
|b cze
|d ABA001
|
| 041 |
1 |
|
|a cze
|a ger
|b ger
|h cze
|
| 043 |
|
|
|a e-xr---
|
| 045 |
|
|
|a u-v-
|
| 072 |
|
7 |
|a 929.5/.9
|x Genealogie. Heraldika. Šlechta. Vlajky
|2 Konspekt
|9 8
|
| 080 |
|
|
|a 929.7
|2 MRF
|
| 080 |
|
|
|a 330.59
|2 MRF
|
| 080 |
|
|
|a 336.7
|2 MRF
|
| 080 |
|
|
|a 94(437.3)"16/17"
|2 MRF
|
| 080 |
|
|
|a 338
|2 MRF
|
| 080 |
|
|
|a 308
|2 MRF
|
| 080 |
|
|
|a (048.8)
|2 MRF
|
| 100 |
1 |
|
|a Valenta, Aleš,
|d 1964-
|7 xx0010704
|4 aut
|
| 245 |
1 |
0 |
|a Lesk a bída barokní aristokracie /
|c Aleš Valenta
|
| 250 |
|
|
|a Vyd. 1.
|
| 260 |
|
|
|a České Budějovice :
|b Veduta,
|c 2011
|
| 300 |
|
|
|a 291 s., viii s. obr. příl. :
|b il. (některé barev.), 1 mapa, portréty, faksim., geneal. tabulky ;
|c 24 cm
|
| 504 |
|
|
|a Obsahuje bibliografii, bibliografické odkazy a rejstříky
|
| 546 |
|
|
|a Část. souběžný německý text, německé resumé
|
| 550 |
|
|
|a Vydavatel: Univerzita Hradec Králové
|
| 648 |
|
7 |
|a 17.-18. století
|7 ch757024
|2 czenas
|
| 650 |
0 |
7 |
|a aristokracie
|7 ph118603
|z Česko
|y 17.-18. století
|2 czenas
|
| 650 |
0 |
7 |
|a životní úroveň
|7 ph128033
|z Česko
|y 17.-18. století
|2 czenas
|
| 650 |
0 |
7 |
|a osobní finance
|7 ph115617
|z Česko
|y 17.-18. století
|2 czenas
|
| 650 |
0 |
9 |
|a aristocracy
|z Czechia
|y 17th-18th centuries
|2 eczenas
|
| 650 |
0 |
9 |
|a cost and standard of living
|z Czechia
|y 17th-18th centuries
|2 eczenas
|
| 650 |
0 |
9 |
|a personal finance
|z Czechia
|y 17th-18th centuries
|2 eczenas
|
| 651 |
|
7 |
|a Česko
|7 ge128065
|x dějiny
|y 17.-18. století
|2 czenas
|
| 651 |
|
7 |
|a Česko
|7 ge128065
|x hospodářské poměry
|y 17.-18. století
|2 czenas
|
| 651 |
|
7 |
|a Česko
|7 ge128065
|x sociální poměry
|y 17.-18. století
|2 czenas
|
| 651 |
|
9 |
|a Czechia
|x history
|y 17th-18th centuries
|2 eczenas
|
| 651 |
|
9 |
|a Czechia
|x economic conditions
|y 17th-18th centuries
|2 eczenas
|
| 651 |
|
9 |
|a Czechia
|x social conditions
|y 17th-18th centuries
|2 eczenas
|
| 655 |
|
7 |
|a monografie
|7 fd132842
|2 czenas
|
| 655 |
|
9 |
|a monographs
|2 eczenas
|
| 710 |
2 |
|
|a Univerzita Hradec Králové
|7 kn20010709470
|
| 910 |
2 |
|
|a BOA001
|b 2-1271.031
|
| 990 |
|
|
|a BK
|
| 995 |
|
|
|a 01
|
| 991 |
|
|
|b 201108
|c NOV
|e n
|
| 996 |
6 |
|
|b 2610484837
|c 2-1271.031
|l MZK
|r Sklad / do 1 hodiny
|n 21
|p p.v.
|w 001194104
|u 000010
|a 1
|e BOA001
|j MZK50
|s P
|